00689nam a2200217 a 450000100080000000500110000800800410001910000130006024500620007326001480013565000130028370000200029670000220031670000220033870000200036070000190038070000170039970000230041670000150043970000170045419736952013-12-18 2013 bl uuuu u00u1 u #d1 aJANK, L. aBreeding vemcum maximum in Brazil.h[electronic resource] aIn: INTERNATIONAL SYMPOSIUM OF FORAGE BREEDING, 4., 2013, Melbourne. Book of abstracts. Melbourne: Centre for AgriBioscience, 2013. P. 52c2013 aPastagem1 aBRAZ, T. dos S.1 aBARRIOS, S. C. L.1 aRESENDE, R. M. S.1 aVALLE, C. B. do1 aSANTOS, E. dos1 aFERREIRA, G.1 aMEIRELES, K. G. X.1 aCHIARI, L.1 aJUNGMANN, L.